عرض عادي
عرض مارك
- Butt, Rizwan.
مدخل إسم شخص
001 - رقم الضبط
- حقل الضبط: 36618
003 - معرف رقم الضبط
- حقل الضبط: OSt
005 - تاريخ ووقت أخر عملية
- حقل الضبط: 20130819012014.0
008 - عناصر بيانات ثابتة الطول
- حقل تحكم ثابت الطول: 130819|||a|||||| | ||| d
040 ## - مصدر الفهرسة
- هيئة الفهرسة الأصلية: OSt
- وكالة الكتابة: OSt
100 ## - مدخل -- أسم شخص
- إسم شخص: Butt, Rizwan.
670 ## - بيانات المصدر موجوده
- الاستشهاد بالمصدر: Work cat.: (OSt)30438: Butt, Rizwan., Introduction to numerical analysis using MATLAB /, c2010.
